Statistics for Members of Super Junior (Kpop)

Click here to take the quiz!

General Stats

  • This quiz has been taken 246 times
    (241 since last reset)
  • The average score is 11 of 15

Answer Stats

Answer % Correct
Heechul
95%
Donghae
93%
Siwon
90%
Shindong
89%
Leeteuk
89%
Eunhyuk
88%
Yesung
85%
Kyuhyun
83%
Henry
80%
Kangin
79%
Ryeowook
78%
Kibum
61%
Hangeng
59%
Zhoumi
56%
Sunmin
21%

Score Distribution

Percentile by Number Answered

Percent of People with Each Score

Your Score History

You have not taken this quiz since the last reset